000 00279nam a2200109Ia 4500
008 230907s9999||||xx |||||||||||||| ||und||
082 _a338.927
_bSUS
100 _aGibson, Robert B.,
_9115990
245 0 _aSustainability assessment :
300 _axiii, 282 pages ;
942 _cBK
999 _c600669
_d600669